Pocket guide to service tax : (Record no. 101348)

MARC details
000 -LEADER
fixed length control field 00629nam a22001937a 4500
005 - DATE AND TIME OF LATEST TRANSACTION
control field 20160719103120.0
010 ## - LCCN (DPL NO)
LC control number ENG-115453
020 ## - INTERNATIONAL STANDARD BOOK NUMBER
International Standard Book Number 9789351439004
Terms of availability 650.00
035 ## - SYSTEM CONTROL NUMBER
System control number EN-98985
037 ## - SOURCE OF ACQUISITION
Source of stock number/acquisition DBAD/PUB
082 ## - DEWEY DECIMAL CLASSIFICATION NUMBER
Classification number 343.540552
100 ## - MAIN ENTRY--PERSONAL NAME
Personal name Rastogi,Abhishek A.
245 ## - TITLE STATEMENT
Title Pocket guide to service tax :
Remainder of title as amended by the finance act,2016 /
Statement of responsibility, etc Abhishek A.Rastogi
250 ## - EDITION STATEMENT
Remainder of edition statement 5th ed.
260 ## - PUBLICATION, DISTRIBUTION, ETC. (IMPRINT)
Place of publication, distribution, etc Gurgaon
Name of publisher, distributor, etc LexisNexis
Date of publication, distribution, etc 2016
270 ## - ADDRESS
Address 14th Floor, Buiding N0-10,Tower-B,DLF Cyber City,Phase-II
City Gurgaon
Postal code 122002
300 ## - PHYSICAL DESCRIPTION
Extent xcviii,1040p.
Dimensions 17cm (pbk)
942 ## - ADDED ENTRY ELEMENTS (KOHA)
Source of classification or shelving scheme Dewey Decimal Classification
Item type English Books
Classification part 343.540552
Call number suffix RAS
Holdings
Withdrawn status Lost status Not for loan Collection code Home library Current library Date acquired Source of acquisition Cost, normal purchase price Full call number Barcode Copy number Cost, replacement price Koha item type
    Not For Loan Non-fiction D.B.Act.Division Bawana 18/07/2016 DBAD/PUB 650.00 343.540552 RAS EN-98985 1 650.00 English Books

© Delhi Public Library
Hit Counter
free hit counter